Statistics for Animal Decoder Quiz

Click here to take the quiz!

General Stats

  • This quiz has been taken 177 times
    (167 since last reset)
  • The average score is 6 of 15

Answer Stats

HintAnswer% Correct
Largest Land AnimalElephant
95%
Has a Little Rattle on its TailRattlesnake
92%
Tallest Land AnimalGiraffe
91%
Lives only on MadagascarLemur
83%
It is in the Begining of the AlphabetAardvark
63%
Australian Animal Similar to a PorcupineEchidna
54%
"The What Goes Marching Around"Ant
43%
Smallest Type of AntelopeDik-Dik
24%
Hawaiian State BirdNene
21%
Lives in the Steppes of AsiaYak
16%
Spring Peeper etc.Frog
14%
Nicknamed the "Rainbow Lizard"Agama
6%
Another Name for a to a FlounderSole
5%
Answer(First Letter of Each Animal)Leafy Sea Dragon
5%
Catches OystersOystercatchers
4%

Score Distribution

Percentile by Number Answered

Percent of People with Each Score

Your Score History

You have not taken this quiz since the last reset